Flags of Europe in 1914 - Statistics

General Stats
  • This quiz has been taken 48 times
  • The average score is 22 of 24
Answer Stats
Picture Answer % Correct
Albania
100%
Denmark
100%
France
100%
Norway
100%
Portugal
100%
Sweden
100%
Switzerland
100%
United Kingdom
100%
Belgium
98%
Bulgaria
98%
Italy
98%
Spain
98%
Netherlands
96%
Romania
96%
Germany
93%
Monaco
93%
Russia
93%
San Marino
91%
Luxembourg
89%
Greece
87%
Serbia
87%
Liechtenstein
80%
Andorra
73%
Montenegro
69%
No matching quizzes found
Score Distribution
Percent of People with Each Score
Percentile by Number Answered
Your Score History
You have not taken this quiz